Countries by Picture #5 - Statistics

General Stats
  • This quiz has been taken 44,526 times
  • The average score is 9 of 15
Answer Stats
Picture Answer % Correct
India
99%
United States
97%
Japan
96%
Greece
93%
United Arab Emirates
77%
France
68%
Egypt
64%
Norway
62%
Indonesia
60%
Thailand
58%
Czech Republic
45%
Brazil
34%
Armenia / Turkey
28%
Kazakhstan
27%
Yemen
24%
No matching quizzes found
Score Distribution
Percent of People with Each Score
Percentile by Number Answered
Your Score History
You have not taken this quiz